A la memoire de Champollion a l'occasion du 150e anniversaire du dechiffrement des hieroglyphes : discours a la ceremonie tenue par l'Institut au Caire, le 27 janvier 1973 = Dhikra Shambulyun bi-munasabat murur miah wa-khamsin am ala hall rumuz al-lughah al-Hirughlifiyah : kalimat ulqiyat fi al-ihtifal alladhi aqamahu al-Majma al-Ilmi al-Misri fi 27 Yanayir 1973 bi-al-Qahirah.

محفوظ في:

مؤلفون آخرون: Gabra, Sami, 1892-1979 (مساهم), Fakhry, Ahmed (مساهم), Mukhtar, Muhammad Jamal al-Din, 1918- (مساهم)

التنسيق: كتاب

اللغة: French
English
Arabic

منشور في: [Cairo] : Institut d'Egypte, [1973]

الموضوعات:

الوسوم: إضافة وسم

لا توجد وسوم, كن أول من يضع وسما على هذه التسجيلة!

رقم الطلب: PJ1064.C6 G3 1973

LEADER 01396cam a2200289 i 4500
001 ocm23433428
003 OCoLC
005 20240222082934.0
008 890228s1973 ua 010 0 fre
010 |a  73960248  
041 0 |a eng  |a fre  |a ara 
050 4 |a PJ1064.C6  |b G3 1973 
245 0 0 |a A la memoire de Champollion a l'occasion du 150e anniversaire du dechiffrement des hieroglyphes :  |b discours a la ceremonie tenue par l'Institut au Caire, le 27 janvier 1973 = Dhikra Shambulyun bi-munasabat murur miah wa-khamsin am ala hall rumuz al-lughah al-Hirughlifiyah : kalimat ulqiyat fi al-ihtifal alladhi aqamahu al-Majma al-Ilmi al-Misri fi 27 Yanayir 1973 bi-al-Qahirah. 
246 3 1 |a Dhikra Shambulyun bi-munasabat murur miah wa-khamsin am ala hall rumuz al-lughah al-Hirughlifiyah 
264 1 |a [Cairo] :  |b Institut d'Egypte,  |c [1973] 
300 |a 48, 14 pages ;  |c 24 cm 
336 |a text  |b txt  |2 rdacontent 
337 |a unmediated  |b n  |2 rdamedia 
338 |a volume  |b nc  |2 rdacarrier 
546 |a Arabic, English, or French. 
600 1 0 |a Champollion, Jean-Francois,  |d 1790-1832. 
650 0 |a Egyptian language  |x Writing, Hieroglyphic. 
700 1 |a Gabra, Sami,  |d 1892-1979,  |e contributor. 
700 1 |a Fakhry, Ahmed,  |e contributor. 
700 1 |a Mukhtar, Muhammad Jamal al-Din,  |d 1918-  |e contributor. 
710 2 |a Institut d'Egypte (1918- ),  |e host institution,  |e publisher. 
999 |c 57062  |d 57062